000 00832cam a2200253 a 4500
999 _c3694
_d3694
001 3051829
003 GBCCL
005 20241126110501.0
008 960329s1996 mou b 000 0 eng
010 _a 96014857
020 _a0570042577
040 _aDLC
_cDLC
_dDLC
050 0 0 _aBS1440
_b.B73 1996
082 0 0 _a223.205209
_220
_bBRA
100 1 _aBrandt, Leslie F.
_97319
245 1 0 _aPsalms now /
_cLeslie F. Brandt.
260 _aSt. Louis, MO :
_bConcordia Pub. House,
_cc1996.
300 _a220 p. ;
_c21 cm.
504 _aIncludes bibliographical references (p. 11).
650 0 0 _2Bible.
_aPsalms
_bParaphrases, English.
_97521
906 _a7
_bcbc
_corignew
_d1
_eocip
_f19
_gy-gencatlg
942 _2ddc
_cBK
_01